|
|
|
|
| LEADER |
02263nam a2200541 a 4500 |
| 001 |
nkc20102093430 |
| 003 |
CZ PrNK |
| 005 |
20250220092912.0 |
| 007 |
ta |
| 008 |
100413s2009 xr ae g f 000 0 cze |
| 015 |
|
|
|z cnb002093430
|
| 020 |
|
|
|a 978-80-87210-36-9
|q (v knize neuvedeno ;
|q skládanka)
|
| 040 |
|
|
|a BOA001
|b cze
|d ABA001
|
| 043 |
|
|
|a e-xr---
|b e-xr-zl
|2 czenas
|
| 072 |
|
7 |
|a 39
|x Kulturní antropologie. Etnologie. Etnografie
|2 Konspekt
|9 1
|
| 080 |
|
|
|a 069:39
|2 MRF
|
| 080 |
|
|
|a 069:72.031.4
|2 MRF
|
| 080 |
|
|
|a 72.031.4
|2 MRF
|
| 080 |
|
|
|a 39
|2 MRF
|
| 080 |
|
|
|a (437.323)
|2 MRF
|
| 080 |
|
|
|a (036)
|2 MRF
|
| 080 |
|
|
|a (084.11)
|2 MRF
|
| 100 |
1 |
|
|a Drápalová, Lenka,
|d 1976-
|7 mzk2008442702
|4 aut
|
| 245 |
1 |
0 |
|a Dřevěné městečko :
|b Valašské muzeum v přírodě v Rožnově pod Radhoštěm : národní kulturní památka /
|c [text Lenka Drápalová]
|
| 246 |
3 |
0 |
|a Valašské muzeum v přírodě v Rožnově pod Radhoštěm
|
| 260 |
|
|
|a V Rožnově pod Radhoštěm :
|b Valašské muzeum v přírodě,
|c 2009
|
| 300 |
|
|
|a [10] s. :
|b barev. il., plány ;
|c 21 cm
|
| 610 |
2 |
7 |
|a Valašské muzeum v přírodě (Rožnov pod Radhoštěm, Česko).
|b Dřevěné městečko
|7 mzk2007378575
|2 czenas
|
| 650 |
0 |
7 |
|a etnografická muzea
|7 ph114492
|z Česko
|2 czenas
|
| 650 |
0 |
7 |
|a skanzeny
|7 ph125567
|z Česko
|2 czenas
|
| 650 |
0 |
7 |
|a lidová architektura
|7 ph122300
|z Česko
|2 czenas
|
| 650 |
0 |
7 |
|a lidová kultura
|7 ph122304
|z Česko
|2 czenas
|
| 650 |
0 |
9 |
|a ethnological museums
|z Czechia
|2 eczenas
|
| 650 |
0 |
9 |
|a open-air museums
|z Czechia
|2 eczenas
|
| 650 |
0 |
9 |
|a vernacular architecture
|z Czechia
|2 eczenas
|
| 650 |
0 |
9 |
|a folk culture
|z Czechia
|2 eczenas
|
| 651 |
|
7 |
|a Rožnov pod Radhoštěm (Česko)
|7 ge130682
|2 czenas
|
| 651 |
|
9 |
|a Rožnov pod Radhoštěm (Czechia)
|2 eczenas
|
| 655 |
|
7 |
|a průvodce
|7 fd133154
|2 czenas
|
| 655 |
|
7 |
|a obrazové publikace
|7 fd132947
|2 czenas
|
| 655 |
|
9 |
|a guidebooks
|2 eczenas
|
| 655 |
|
9 |
|a pictorial works
|2 eczenas
|
| 910 |
2 |
|
|a BOA001
|b 2-1237.893
|
| 990 |
|
|
|a BK
|
| 995 |
|
|
|a 11
|
| 991 |
|
|
|b 201005
|
| 996 |
6 |
|
|b 2610431857
|c 2-1237.893
|l MZK
|r Sklad / do 1 hodiny
|n 2
|p p.v.
|w 001117799
|u 000010
|a 1
|e BOA001
|j MZK50
|s P
|
| 996 |
7 |
|
|b 2610431858
|c 2-1237.893
|l MZK
|r Sklad / do 1 hodiny
|n 2
|p p.v.
|w 001117799
|u 000020
|a 1
|e BOA001
|j MZK50
|s A
|